000 00428nam a2200181Ia 4500
001 24171
005 20260414151025.0
008 260414t1991||||xx |||||||||||||| ||spa||
041 _aESP
082 _a791.436
_bK92
100 _aKuhn, Annette
_eAUT
245 0 _aCine de mujeres :
_bfeminismo y cine
260 _c1991
300 _a220 páginas :
_c21 cm.
650 _aABD
654 _aCAU
942 _cLIB
_dJUS
_fJUS
_2ddc
_n
999 _c24171
_d24171